Bizancio / (Record no. 93153)

MARC details
000 -LEADER
campo de control de longitud fija 00497nam a2200169 i 4500
001 - NÚMERO DE CONTROL
campo de control 93153
003 - IDENTIFICADOR DE NÚMERO DE CONTROL
campo de control ES-MaACL
005 - FECHA Y HORA DE LA ÚLTIMA TRANSACCIÓN
campo de control 20230906181132.0
007 - CAMPO FIJO DE DESCRIPCIÓN FÍSICA--INFORMACIÓN GENERAL
campo de control de longitud fija t|
008 - DATOS DE LONGITUD FIJA--INFORMACIÓN GENERAL
campo de control de longitud fija 050408q1900 fr ||||1| spa d
100 1# - ENTRADA PRINCIPAL--NOMBRE DE PERSONA
Nombre de persona Lombard, Jean.
9 (RLIN) 73181
245 10 - MENCIÓN DEL TÍTULO
Título Bizancio /
Mención de responsabilidad, etc. Jean Lombard; versión castellana de Miguel Toro y Gómez.
260 ## - PUBLICACIÓN, DISTRIBUCIÓN, ETC.
Lugar de publicación, distribución, etc. Evreux :
Nombre del editor, distribuidor, etc. Ch. Herissey,
Fecha de publicación, distribución, etc. 190?]
300 ## - DESCRIPCIÓN FÍSICA
Extensión VIII, 388 p. :
Otras características físicas il. ;
Dimensiones 18 cm.
700 1# - ENTRADA AGREGADA--NOMBRE PERSONAL
Nombre de persona Toro y Gómez, Miguel de.
9 (RLIN) 110692
852 ## - LOCALIZACIÓN
Ubicación ES-MaACL
Número de control de estantería D-1462
Holdings
Estatus retirado Estado de pérdida Estado de daño No para préstamo Colección Biblioteca de origen Biblioteca actual Ubicación en estantería Fecha de adquisición Fuente de adquisición Total de préstamos Signatura topográfica completa Código de barras Visto por última vez Precio de reemplazo Tipo de ítem Koha
        Libros del s. XIX Biblioteca del Ateneo de Madrid Biblioteca del Ateneo de Madrid Sala Valle Inclán 17/01/2008     D-1462 901097238 23/02/2023 23/02/2023 Libro impreso antiguo